Погрешности дискриминации нуль-переходов и методы их уменьшения в широкодиапазонных фазометрических устройствах без преобразования частоты: Диссертация на соискание ученой степени кандидата технических наук

Xehetasun bibliografikoak
Egile nagusia: Фиштейн А. М.
Erakunde egilea: Академия наук СССР (АН СССР) Сибирское отделение (СО) Институт физики им. Л. В. Киренского (ИФ)
Beste egile batzuk: Кузнецкий С. С. (научный руководитель)
Hizkuntza:errusiera
Argitaratua: Красноярск, 1973
Gaiak:
Formatua: Liburua
KOHA link:https://koha.lib.tpu.ru/cgi-bin/koha/opac-detail.pl?biblionumber=127468

MARC

LEADER 00000nbm0a2200000 4500
001 127468
005 20231031132246.0
035 |a (RuTPU)RU\TPU\book\137900 
090 |a 127468 
100 |a 20071215d1974 k y0rusy50 ca 
101 0 |a rus 
102 |a RU 
105 |a a m 001zy 
200 1 |a Погрешности дискриминации нуль-переходов и методы их уменьшения в широкодиапазонных фазометрических устройствах без преобразования частоты  |e Диссертация на соискание ученой степени кандидата технических наук  |f А. М. Фиштейн  |g Академия наук СССР (АН СССР), Сибирское отделение (СО), Институт физики им. Л. В. Киренского (ИФ) ; науч. рук. С. С. Кузнецкий 
210 |a Красноярск  |d 1973 
215 |a 169 л.  |c ил. 
320 |a Библиогр.: с.155-166 ( 110 назв.) 
610 1 |a фазометры 
610 1 |a нуль-переходы 
610 1 |a дискриминация 
610 1 |a погрешности 
610 1 |a искажения 
610 1 |a преобразование 
610 1 |a частоты 
610 1 |a входные сигналы 
610 1 |a туннельные диоды 
610 1 |a экспериментальные исследования 
610 1 |a диссертации 
675 |a 621.317.77(048)  |v 3 
700 1 |a Фиштейн  |b А. М. 
702 1 |a Кузнецкий  |b С. С.  |4 727 
712 0 2 |a Академия наук СССР (АН СССР)  |b Сибирское отделение (СО)  |b Институт физики им. Л. В. Киренского (ИФ)  |c (Красноярск)  |2 stltpush  |3 (RuTPU)RU\TPU\col\11386 
801 1 |a RU  |b 63413507  |c 20071215  |g PSBO 
942 |c BK